An analysis of subject-verb agreement anomalies /
Saved in:
| Main Author: | |
|---|---|
| Format: | Thesis |
| Language: | English |
| Published: |
Gombak, Selangor :
Kulliyyah of Islamic Revealed Knowledge and Human Sciences, International Islamic University Malaysia,
2009
|
| Subjects: | |
| Online Access: | http://studentrepo.iium.edu.my/handle/123456789/6244 |
| Tags: |
Add Tag
No Tags, Be the first to tag this record!
|
| LEADER | 019800000a22003970004500 | ||
|---|---|---|---|
| 001 | 468657 | ||
| 005 | 20230420120926.0 | ||
| 008 | 091106t2009 my a g 000 0 eng d | ||
| 035 | |a (Sirsi) 468657 | ||
| 040 | |a UIAM |b eng | ||
| 043 | |a a-my--- | ||
| 050 | 0 | 0 | |a PE1271 |
| 100 | 1 | |a Latip, Josephine Patino |9 118067 | |
| 245 | 1 | 3 | |a An analysis of subject-verb agreement anomalies / |c by Josephine Patino Latip |
| 260 | |a Gombak, Selangor : |b Kulliyyah of Islamic Revealed Knowledge and Human Sciences, International Islamic University Malaysia, |c 2009 | ||
| 300 | |a xiii, 95 leaves : |b ill. ; |c 30 cm. | ||
| 336 | |2 rdacontent | ||
| 337 | |2 rdamedia | ||
| 338 | |2 rdacarrier | ||
| 500 | |a Abstracts in English and Arabic. | ||
| 500 | |a "A dissertation submitted in partial fulfilment of the requirements for the degree of Master of Human Sciences (Teaching English as a Second Language)."--On t.p. | ||
| 502 | |a Thesis (MHSc.TESL)--International Islamic University Malaysia, 2009. | ||
| 504 | |a Includes bibliographical references (leaves 87-90). | ||
| 530 | |a Also available on 4 3/4 in computer optical disc. | ||
| 650 | 0 | |a English language |x Verb |9 93640 | |
| 650 | 0 | |a English language |x Noun phrase |9 29780 | |
| 655 | 0 | 7 | |a Theses, IIUM local |
| 690 | 0 | |a Dissertations, Academic |x Department of English Language and Literature |z IIUM | |
| 710 | 2 | |a International Islamic University Malaysia. |b Department of English Language and Literature | |
| 730 | 3 | |a An analysis of subject-verb agreement anomalies (Computer file) |9 118070 | |
| 856 | 4 | |u http://studentrepo.iium.edu.my/handle/123456789/6244 | |
| 900 | |a hj-ajt | ||
| 942 | |2 lcc |n 0 | ||
| 999 | |c 434533 |d 464655 | ||
| 952 | |0 0 |6 T PE 1271 L357A 2009 |7 0 |8 THESES |9 751544 |a IIUM |b IIUM |c MULTIMEDIA |g 0.00 |o t PE 1271 L357A 2009 |p 00011196001 |r 2017-10-19 |t 2 |v 0.00 |y THESIS | ||
| 952 | |0 0 |6 TS CDF PE1271L357A 2009 |7 0 |8 THESES |9 836538 |a IIUM |b IIUM |c MULTIMEDIA |g 0.00 |o ts cdf PE1271L357A 2009 |p 11100326433 |r 2017-10-26 |t 1 |v 0.00 |y THESISDIG | ||
